000 00820nam a2200277Ia 4500
003 OSt
005 20220928120824.0
006 a|||||r|||| 00| 0
007 ta
008 220927b |||||||| |||| 00| 0 eng d
020 _cUSD 118.00
024 _a134072
037 _b4096, 06/03/2017, Ashutosh Technical Books
_cTextual
040 _aSDCL
_cSDCL
_beng
041 _2eng
_aeng
082 _aB2894, Q6
100 _aPetrosyan Leon A.
_9451297
245 0 _aGame theory
250 _a2nd
260 _aChennai
_bWorld Scientific
_c2016
300 _axii,551p.
_ccm.
650 _aMathematics
700 _a Zenkevich Nikolay A.
_9451298
942 _hB2894, Q6
_cTEXL
_2CC
999 _c765378
_d765378